La Ven. madre Antonia o la pedagogía del amor: (Record no. 62348)
[ view plain ]
| 000 -LEADER | |
|---|---|
| campo de control de longitud fija | 00788nam a2200193 i 4500 |
| 001 - NÚMERO DE CONTROL | |
| campo de control | 62348 |
| 003 - IDENTIFICADOR DE NÚMERO DE CONTROL | |
| campo de control | ES-MaACL |
| 005 - FECHA Y HORA DE LA ÚLTIMA TRANSACCIÓN | |
| campo de control | 20250811144052.0 |
| 007 - CAMPO FIJO DE DESCRIPCIÓN FÍSICA--INFORMACIÓN GENERAL | |
| campo de control de longitud fija | t| |
| 008 - DATOS DE LONGITUD FIJA--INFORMACIÓN GENERAL | |
| campo de control de longitud fija | 031120s1962 sp ||||1| spa d |
| 100 1# - ENTRADA PRINCIPAL--NOMBRE DE PERSONA | |
| Nombre de persona | Felipe, Dionisio de. |
| 9 (RLIN) | 49170 |
| 245 13 - MENCIÓN DEL TÍTULO | |
| Título | La Ven. madre Antonia o la pedagogía del amor: |
| Resto del título | vida de la venerable madre Antonia María de la Misericordia, fundadora de las Oblatas del Santísimo Redentor / |
| Mención de responsabilidad, etc. | por el P. Dionisio de Felipe ; con un prólogo del Cardenal Larraona. |
| 260 ## - PUBLICACIÓN, DISTRIBUCIÓN, ETC. | |
| Lugar de publicación, distribución, etc. | Madrid : |
| Nombre del editor, distribuidor, etc. | El Perpetuo Socorro, |
| Fecha de publicación, distribución, etc. | 1962. |
| 300 ## - DESCRIPCIÓN FÍSICA | |
| Extensión | XII, 463 p., 16 lám. ; |
| Dimensiones | 22 cm. |
| 600 04 - PUNTO DE ACCESO ADICIONAL DE MATERIA--NOMBRE DE PERSONA | |
| Nombre de persona | Antonia María de la Misericordia, |
| Títulos y otros términos asociados al nombre | (O.SS.R.) |
| 9 (RLIN) | 171435 |
| 700 1# - ENTRADA AGREGADA--NOMBRE PERSONAL | |
| Nombre de persona | Larraona, Arcadio María, |
| Títulos y otros términos asociados al nombre | Cardenal |
| 9 (RLIN) | 70318 |
| 852 ## - LOCALIZACIÓN | |
| Ubicación | ES-MaACL |
| Número de control de estantería | C-22551 |
| Estatus retirado | Estado de pérdida | Estado de daño | No para préstamo | Biblioteca de origen | Biblioteca actual | Ubicación en estantería | Fecha de adquisición | Fuente de adquisición | Total de préstamos | Signatura topográfica completa | Código de barras | Visto por última vez | Precio de reemplazo | Tipo de ítem Koha |
|---|---|---|---|---|---|---|---|---|---|---|---|---|---|---|
| Biblioteca del Ateneo de Madrid | Biblioteca del Ateneo de Madrid | Galería | 17/01/2008 | C-22551 | 1065365 | 23/02/2023 | 23/02/2023 | Libro impreso |
